A Forma-1 Magyar Nagydíj vizsgálata projektmenedzsment szempontból, illetve gazdasági hatásainka elemzése
| Main Author: | |
|---|---|
| Other Authors: | |
| Format: | Thesis |
| Kulcsszavak: | gazdasági hatásvizsgálat projekt sikeressége projektmenedzsment projektvizsgálat üzletszerű sport |
| Online Access: | http://dolgozattar.uni-bge.hu/59574 |
MARC
| LEADER | 00000nta a2200000 i 4500 | ||
|---|---|---|---|
| 001 | dolg59574 | ||
| 005 | 20260409145241.0 | ||
| 008 | 260409suuuu hu om 000 hun d | ||
| 040 | |a BGE Dolgozattár Repozitórium |b hun | ||
| 041 | |a hu | ||
| 100 | 1 | |a Reichenberger Réka | |
| 245 | 1 | 2 | |a A Forma-1 Magyar Nagydíj vizsgálata projektmenedzsment szempontból, illetve gazdasági hatásainka elemzése |c Reichenberger Réka |h [elektronikus dokumentum] |
| 520 | 3 | |a A szakdolgozat célja a Forma–1 Magyar Nagydíj projektmenedzsment szempontú vizsgálata, valamint a verseny gazdasági hatásainak elemzése. A kutatás fókuszában, egy világszínvonalú, nemzetközi sportesemény szervezési, tervezési és lebonyolítási folyamatai állnak, valamint, gazdasági hatásainak vizsgálata és a turizmusra, a környezetre és a társadalomra gyakorolt hatását is feltárja. Emellett megvizsgálja, hogy projektmenedzsment szempontból sikeresnek mondható-e a Magyar Nagydíj. Az elemzés rámutatott, hogy a Forma–1 Magyar Nagydíj projektmenedzsmentje rendkívül összetett, és többéves, folyamatosan ismétlődő, de dinamikusan változó projektként kezelhető. A siker kulcsa a szoros nemzetközi együttműködés és a precízen összehangolt logisztika. A gazdasági vizsgálat kimutatta, hogy a rendezvény jelentős közvetlen és közvetett bevételeket generál, hozzájárul a turizmus fejlődéséhez, és nemzetközi szinten is erősíti Magyarország imázsát. | |
| 695 | |a gazdasági hatásvizsgálat | ||
| 695 | |a projekt sikeressége | ||
| 695 | |a projektmenedzsment | ||
| 695 | |a projektvizsgálat | ||
| 695 | |a üzletszerű sport | ||
| 700 | 1 | |a Földi Dr. Péter |e ths | |
| 856 | 4 | 0 | |u http://dolgozattar.uni-bge.hu/59574/1/Reichenberger%20R%C3%A9ka%20Szakdolgozat.pdf |z Dokumentum-elérés |
| 856 | 4 | 0 | |u http://dolgozattar.uni-bge.hu/59574/2/B%C3%ADr%C3%A1lati%20lap_Reichenberger%20R%C3%A9ka_BSc_2025.pdf |z Dokumentum-elérés |
| 856 | 4 | 0 | |u http://dolgozattar.uni-bge.hu/59574/3/B%C3%ADr%C3%A1lati%20lap_Bsc_Reichenberger%20R%C3%A9ka.pdf |z Dokumentum-elérés |